| 000 | 01921cam a22004454i 4500 | ||
|---|---|---|---|
| 003 | PE-LiUPU | ||
| 005 | 20250731165433.0 | ||
| 008 | 160303s1996 pe grm 000 0 spa d | ||
| 035 | _a(Sirsi) a156362 | ||
| 040 |
_aPE-LiUPU _bspa _cPE-LiUPU _erda |
||
| 099 |
_aTIA 2 _bA41 1996 |
||
| 100 | 1 |
_aAlmonacid Godoy, Zócer Daniel _eautor |
|
| 245 | 1 |
_aEstudio del perfil reológico del yogurt natural a dos niveles de grasa y fermento / _cZócer Daniel Almonacid Godoy. |
|
| 264 | 0 | _c1996. | |
| 300 |
_a97 hojas _c30 cm |
||
| 336 |
_atext _2rdacontent |
||
| 337 |
_aunmediated _2rdamedia |
||
| 338 |
_avolume _2rdacarrier |
||
| 502 |
_aTesis _b(Lic.) -- _cUniversidad Peruana Unión, _d1996. |
||
| 504 | _aIncluye referencias | ||
| 520 | 3 | _aEn el presente informe se recoge una variada revisión bibliográfica sobre conocimientos generales de leche y la tecnología empleada en la elaboración de yogurt. Hacemos hincapié en el comportamiento reo lógico que adopta la leche hasta transformarse en yogurt. Se estableció 4 tratamientos: G, F (leche entera 3por ciento grasa y 2 por ciento fermento), G1 F2 (leche entera 3 por ciento grasa y 3 por ciento fermento ), G2 F1 (leche descremada 0.5 por ciento grasa y 2 por ciento fermento), G2 F2(leche descremada 0.5 por ciento grasa y 3 por ciento fermento). Las leches de partida fueron homogenizadas y pasteurizadas por sistema HTST. | |
| 526 | _aSEG44 | ||
| 526 | _aSEG26 | ||
| 526 | _aP151 | ||
| 526 | _aP150 | ||
| 526 | _aP149 | ||
| 526 | _aP146 | ||
| 526 | _aP145 | ||
| 526 | _aP126 | ||
| 526 | _aP125 | ||
| 526 | _aP92 | ||
| 526 | _aP75 | ||
| 526 | _aP74 | ||
| 526 | _aP27 | ||
| 526 | _aP15 | ||
| 650 | 0 | 4 |
_aYogurt _xReología. |
| 596 | _a1 | ||
| 942 |
_2ddc _cTESIS |
||
| 999 |
_aTIA 2 A41 1996 _wALPHANUM _c9044 _iT00354 _lCCODEBUL3 _mBUL _r1 _sY _tTESIS _u2016-3-3 _xINGENIERIA _PP26 _o.STAFF. Tesis _d9044 |
||
| 980 |
_81 _gALBERTO SANCHEZ Responsable de Automatización |
||